000 00371pam a2200157a 44500
008 230515b2012 xxu||||| |||| 00| 0 eng d
020 _a9780070151550
041 _aENGLISH
082 _a0
100 _aBEISER /MAHAJAN CHOUDHURY
245 _aMODERN PHYSICS
250 _a0
260 _aNULL
_bTATA MCGRAW HILL PUBLISHING
_c2012
300 _a623P
650 _aNULL
999 _c604283
_d604283